Fútbol: entrenamiento para niños y jóvenes
Збережено в:
| Автор: | |
|---|---|
| Формат: | Книга |
| Мова: | Іспанська |
| Опубліковано: |
Barcelona
Paidotribo
2004
|
| Серія: | Colección Fútbol
|
| Предмети: | |
| Теги: |
Додати тег
Немає тегів, Будьте першим, хто поставить тег для цього запису!
|
MARC
| LEADER | 00000nam a2200000 a 4500 | ||
|---|---|---|---|
| 001 | UCL7628 | ||
| 003 | CL-VaPUC | ||
| 008 | 040528e20040000SP |||||||||||||||||spa|d | ||
| 020 | |a 848019720X | ||
| 082 | 0 | 4 | |a 796.334 |b BRU |2 21 |
| 100 | 0 | |a Brüggemann, Detlev |e author |9 485450 | |
| 245 | 1 | 0 | |a Fútbol: entrenamiento para niños y jóvenes |
| 300 | |a 290 p | ||
| 942 | |c BK | ||
| 945 | |d 20040528 00:00:00 |a cmena | ||
| 260 | |a Barcelona |b Paidotribo |c 2004 | ||
| 650 | 0 | |a Fútbol |9 307513 | |
| 650 | 7 | |a ENTRENAMIENTO ATLETICO |2 CL-VaPUC |9 485451 | |
| 650 | 7 | |a EQUIPOS DE FUTBOL |2 CL-VaPUC |9 458180 | |
| 650 | 0 | |a Niños |9 255605 | |
| 583 | |a last modification |c 20040528 00:00:00 |k Rodrigo Vera | ||
| 490 | 0 | |a Colección Fútbol | |
| 999 | |c 309260 |d 309258 | ||
| 952 | |0 0 |1 0 |4 0 |6 796_334000000000000_BRU_2004 |7 0 |8 A |9 376632 |a BIBEDU |b BIBEDU |d 2019-11-21 |i 4020332 |o 796.334 BRU 2004 |p 4020332 |r 2019-11-21 |w 2019-11-21 |y BK |k EFI | ||
| 952 | |0 0 |1 0 |4 0 |6 796_334000000000000_BRU_2004 |7 0 |8 A |9 376633 |a BIBEDU |b BIBEDU |d 2019-11-21 |i 4020340 |o 796.334 BRU 2004 |p 4020340 |r 2019-11-21 |w 2019-11-21 |y BK |k EFI | ||